Dig Out Your Soul - Statistics

General Stats
  • This quiz has been taken 16 times
  • The average score is 8 of 11
Answer Stats
Answer % Correct
Waiting for the Rapture
100%
Bag It Up
88%
I'm Outta Time
88%
The Shock of the Lightning
88%
The Turning
88%
Falling Down
75%
Soldier On
75%
(Get Off Your) High Horse Lady
63%
The Nature of Reality
63%
Ain't got nothin'
50%
To Be Where There's Life
50%
No matching quizzes found
Score Distribution
Percent of People with Each Score
Percentile by Number Answered
Your Score History
You have not taken this quiz